Wyraz, który zaczyna się od rzeczownika „list”. - Statystyki

Ogólne statystyki
  • Ten quiz został rozwiązany 52 razy
  • Średni wynik to 4 z 5
Statystyki odpowiedzi
Odpowiedź % Poprawnych
listonosz
90%
lista
79%
listopad
76%
listek
74%
listwa
67%
Nie znaleziono quizów pasujących do podanych kryteriów
Rozkład punktacji
Procent ludzi z każdym wynikiem
Percentyl według liczby udzielonych odpowiedzi
Twoja historia wyników
Nie rozwiązałeś tego quizu